|
|
|
|
| LEADER |
00836cam a2200253 7i4500 |
| 001 |
0000036176 |
| 005 |
20191129090000.0 |
| 007 |
##ta |
| 008 |
191129s2018 ne o 000 eng d |
| 020 |
# |
# |
|a 9780128140628
|
| 040 |
# |
# |
|a MATR
|
| 090 |
0 |
0 |
|a I 629.1028
|b ADD
|
| 245 |
0 |
0 |
|a Additive Manufacturing for the Aerospace Industry
|c edited by Francis H. Froes, Rodney Boyer.
|
| 264 |
# |
1 |
|a Amsterdam:
|b Elsevier,
|c 2018.
|
| 300 |
# |
# |
|a xvi, 465pages:
|b illustrations;
|c 23 cm.
|
| 336 |
# |
# |
|a text
|2 rdacontent
|
| 337 |
# |
# |
|a unmediated
|2 rdamedia
|
| 338 |
# |
# |
|a volume
|2 rdacarrier
|
| 504 |
# |
# |
|a Includes bibliographical references and index
|
| 650 |
# |
0 |
|a Aerospace engineering
|
| 650 |
# |
0 |
|a Three-dimensional printing
|
| 700 |
1 |
# |
|a Froes, F. H.
|
| 700 |
1 |
# |
|a Boyer, Rodney
|
| 999 |
|
|
|a B000040913
|b Book
|c International
|e Business Information Centre
|